|
|
|
|
| LEADER |
01200nam a2200253 a 4500 |
| 008 |
100309r20072002njua b 001 0 eng d |
| 020 |
|
|
|a 9788126508396
|
| 020 |
|
|
|a 0470252545 (hbk. alk. paper)
|
| 040 |
|
|
|a DLC
|c DLC
|d BTCTA
|d BAKER
|d YDXCP
|d C#P
|d BWX
|d CDX
|d DLC
|d BD-DhAAL
|
| 082 |
0 |
0 |
|a 621.382/2
|2 22
|
| 100 |
1 |
|
|a Ziemer, Rodger E.
|
| 245 |
1 |
0 |
|a Principles of communications :
|b systems, modulation, and noise /
|c Rodger E. Ziemer, William H. Tranter.
|
| 250 |
|
|
|a 5th ed.
|
| 260 |
|
|
|a Hoboken, NJ ;
|a New Delhi :
|b Wiley,
|c c2002 [reprinted 2007].
|
| 300 |
|
|
|a ix, 637 p. :
|b ill. ;
|c 24 cm.
|
| 504 |
|
|
|a Includes bibliographical references and indexes.
|
| 541 |
1 |
|
|e 00019969
|
| 650 |
|
0 |
|a Telecommunication.
|
| 650 |
|
0 |
|a Signal theory (Telecommunication)
|
| 700 |
1 |
|
|a Tranter, William H.
|
| 852 |
4 |
|
|a Ayesha Abed Library
|j General Shelf
|
| 999 |
|
|
|c 7748
|d 7748
|
| 952 |
|
|
|0 0
|1 0
|2 ddc
|4 0
|6 621_382200000000000_ZIE_2007
|7 0
|9 8541
|a BRACUL
|b BRACUL
|c GEN
|d 2010-03-10
|l 1
|m 1
|o 621.3822 ZIE
|p 3010019969
|r 2025-05-03
|s 2025-04-27
|t 1
|w 2010-03-10
|y BK
|
| 952 |
|
|
|0 0
|1 0
|2 ddc
|4 0
|6 621_382200000000000_ZIE_2007
|7 0
|9 8542
|a BRACUL
|b BRACUL
|c GEN
|d 2010-03-10
|l 1
|m 1
|o 621.3822 ZIE
|p 3010019970
|r 2019-12-19
|s 2019-12-08
|t 2
|w 2010-03-10
|y BK
|